书目信息 |
| 题名: |
大学生作文选
|
|
| 作者: | ;中国写作研究会安徽分会 编 | |
| 分册: | ||
| 出版信息: | 合肥 安徽人民出版社 1982 |
|
| 页数: | 259页 | |
| 开本: | 19cm | |
| 丛书名: | ||
| 单 册: | ||
| 中图分类: | H194.3 | |
| 科图分类: | ||
| 主题词: | 作文--高等学校--选集 | |
| 电子资源: | ||
| ISBN: | ||
| 000 | 00672nam0 2200229 45 | |
| 001 | 0182001608 | |
| 005 | 20060814105437.10 | |
| 010 | @dCNY0.64 | |
| 091 | @aCN@b10102.915 | |
| 100 | @a19950530d1982 em y0chiy0121 ea | |
| 101 | 0 | @achi |
| 102 | @aCN@b340000 | |
| 105 | @ay z 000yy | |
| 200 | 10 | @a大学生作文选@Ada xue sheng zuo wen xuan@f中国写作研究会安徽分会编 |
| 210 | @a合肥@c安徽人民出版社@d1982 | |
| 215 | @a259页@d19cm | |
| 606 | @a作文@x高等学校@x选集 | |
| 690 | @aH194.3@v3 | |
| 711 | 02 | @a中国写作研究会安徽分会@Azhong guo xie zuo yan jiu hui an hui fen hui@4编 |
| 801 | 2 | @aCN@bNLC@c20060814 |
| 801 | 0 | @aCN@bTSSF@c20060808 |
| 905 | @a10447@dH194.3@e177 | |
| 大学生作文选/中国写作研究会安徽分会编.-合肥:安徽人民出版社,1982 |
| 259页;19cm |
| ISBN :CNY0.64 |
| ● |
| 相关链接 |
|
|
|
|
正题名:大学生作文选
索取号:H194.3/177
 
预约/预借
| 序号 | 登录号 | 条形码 | 馆藏地/架位号 | 状态 | 备注 |
| 1 | 0435506 | 204355063 | 密集书库/ [索取号:H194.3/177] | 在馆 | |
| 2 | 0435507 | 204355072 | 密集书库/ [索取号:H194.3/177] | 在馆 | |
| 3 | 0436438 | 204364384 | 密集书库/ [索取号:H194.3/177] | 在馆 | |
| 4 | 0444513 | 204445136 | 密集书库/ [索取号:H194.3/177] | 在馆 | |
| 5 | 0452713 | 204527137 | 密集书库/ [索取号:H194.3/177] | 在馆 | |
| 6 | 0462412 | 204624120 | 密集书库/ [索取号:H194.3/177] | 在馆 |